00895nam a2200229Ia 450000500170000000800410001702000180005804000080007605000210008410000430010524500740014826000330022230000180025533600100027333700120028333800140029550000480030950502320035765000240058965000260061365000260063920231102151449.0121028t2008 mx ao f 000 0 spa d a9789682484360 dRDA 4aRA1027bV37 200810aVargas Alvarado, Eduardoeautordautor10aMedicina forense toxicológica y laboral c/ Eduardo Vargas Alvarado aMéxicob : Trillasc, 2008 a222 páginas aTexto aVolumen aSin medio aIncluye índice onomástico y analítico aIntroducción Medicina forense toxicológica Toxicología general Drogas de abuso Plaguicidas Tóxicos cáusticos Tóxicos volátiles Metales pesados yfósforo Dopaje Medicina forense laboral Medicina del trabajo 10aMEDICINA xHISTORIA24aTOXICOLOGÍA FORENSE34aTOXICOLOGÍA LABORAL